Sociálna štruktúra evidovaných uchádzačov o prácu v SR

Bibliographic Details
Format: Article
Language:Slovak
PhysicalDescription:Tab. 1
Subjects:

MARC

LEADER 00000nab a2200000 a 4500
001 vtls000645264
003 SK-MaSNL
005 20260426072632.0
008 201103c1997 xo 0 slo
015 |a SNBRB19rr/mm-uuuuu 
035 |a CL0645403 
040 |a SNKBUCL  |b slo  |c SNKBUCL  |e AACR2 
041 0 |a slo 
044 |a xo  |c SK 
080 |a 31:364.23(437.6)  |2 1981 
245 0 0 |a Sociálna štruktúra evidovaných uchádzačov o prácu v SR 
300 |b Tab. 1 
650 0 7 |a nezamestnaní  |2 SNKPH  |9 18893 
650 0 7 |a uchádzači o zamestnanie  |2 SNKPH  |9 15915 
651 7 |a Slovensko  |2 SNKPHgeo  |9 14231 
655 7 |a články z novín a časopisov  |2 SNK  |9 267496 
773 0 |t Bulletin  |g Č. 8 (1997), s. 28 
850 |a Slovenská národná knižnica v Martine  |a MTA001 
852 |a SNK  |b KIS3GCP 
958 |a RK 
958 |a RBX 
999 |c 2690664  |d 2692594